MARC details
| 000 -CABECERA |
| campo de control de longitud fija |
02652nam a2200301 i 4500 |
| 001 - NÚMERO DE CONTROL |
| campo de control |
000022574 |
| 003 - IDENTIFICADOR DEL NÚMERO DE CONTROL |
| campo de control |
DO-SdBNP |
| 005 - FECHA Y HORA DE LA ÚLTIMA TRANSACCIÓN |
| campo de control |
20230724155224.0 |
| 007 - CAMPO FIJO DE DESCRIPCIÓN FÍSICA--INFORMACIÓN GENERAL |
| campo de control de longitud fija |
ta |
| 008 - DATOS DE LONGITUD FIJA--INFORMACIÓN GENERAL |
| campo de control de longitud fija |
101013s2008 dr ac 001 0 spa d |
| 020 ## - NÚMERO INTERNACIONAL ESTÁNDAR DEL LIBRO |
| Número Internacional Estándar del Libro |
9789945406801 |
| 040 ## - FUENTE DE LA CATALOGACIÓN |
| Centro catalogador/agencia de origen |
DO-SdBNP |
| Lengua de catalogación |
spa |
| Centro/agencia transcriptor |
BNPHU |
| Normas de descripción |
rda |
| 049 ## - FONDOS LOCALES (OCLC) |
| Fondos de biblioteca |
BNPD |
| 082 #4 - NÚMERO DE LA CLASIFICACIÓN DECIMAL DEWEY |
| Número de clasificación |
333.91 |
| Número de documento/Ítem |
F727n |
| Número de edición |
22 |
| 110 1# - ENTRADA PRINCIPAL--NOMBRE DE ENTIDAD CORPORATIVA |
| Nombre de entidad corporativa o nombre de jurisdicción como elemento de entrada |
Foro Nacional del Agua |
| Fecha del congreso/reunión o de la firma de un tratado |
(1o. : 20-23, febrero 2007 : |
| Sede del congreso/Lugar de la reunión |
Santo Domingo, República Dominicana) |
| 9 (RLIN) |
46462 |
| 245 10 - MENCIÓN DE TÍTULO |
| Título |
Primer foro nacional del agua en la República Dominicana / |
| Mención de responsabilidad, etc. |
prólogo, Francisco T. Rodríguez |
| 264 ## - PRODUCCIÓN, PUBLICACIÓN, DISTRIBUCIÓN, FABRICACIÓN Y COPYRIGHT |
| Producción, publicación, distribución, fabricación y copyright |
Santo Domingo : |
| Nombre del de productor, editor, distribuidor, fabricante |
Instituto Nacional de Aguas Potables y Alcantarilldos, |
| Fecha de producción, publicación, distribución, fabricación o copyright |
2008. |
| 300 ## - DESCRIPCIÓN FÍSICA |
| Extensión |
183 páginas : |
| Otras características físicas |
ilustraciones, retratos; |
| Dimensiones |
26 cm. |
| 336 ## - TIPO DE CONTENIDO |
| Fuente |
rdacontent |
| Término de tipo de contenido |
texto |
| Código de tipo de contenido |
txt |
| 337 ## - TIPO DE MEDIO |
| Fuente |
rdamedia |
| Nombre/término del tipo de medio |
sin mediación |
| Código del tipo de medio |
n |
| 338 ## - TIPO DE SOPORTE |
| Fuente |
rdacarrier |
| Nombre/término del tipo de soporte |
volumen |
| Código del tipo de soporte |
nc |
| 505 2# - NOTA DE CONTENIDO CON FORMATO |
| Nota de contenido con formato |
Prólogo -- Introducción-- Objetivos -- Temas y expositores -- Participantes -- Aniversario del Convenio del Programa Hidrológico Nacional (PHI) de la Organización de las Naciones Unidas para la Educación, la Ciencia y la Cultura (UNESCO) con República Dominicana -- Informe sobre el Foro Nacional del Agua -- Presentación del Foro Nacional del Agua -- Alcances y logros del Programa Hidrológico Internacional de la UNESCO -- Al agua virtual / María Concepción Donoso -- Comentarios a la ponencia sobre el agua virtual -- El valor económico del agua -- Ética y sustentabilidad ambiental en Puerto Rico / Eddie N. Laboy Nieves -- Educación para la conservación del agua y el manejo integrado de recursos hídricos en el Caribe : la GWP en acción / Kemraj Parsram -- Fondo Nacional del Agua / Pablo Lloret Zamora -- Convivencia entre tribunales de arbitraje (TPI) y el dercho de aguas: Especial referencia al principio de eficiencia, el caso argentino/ Juan Pablo Bohoslavsky -- "Gobernanza del riego" /Francisco T. Rodríguez -- Comentarios a la ponencia sobre gobernanza del riego / Marco Villamán -- Modelamiento hidrológico e hidráulico de la cuenca del Río Soliette (proyecto IILA) / Luigia Brandimarte -- Proyecto de capacitación para la defensa hidrogeológica del territorio en República Dominicana y Haití / Armando Brath -- El Plan Nacional de Recurso Hídrico de Brasil / Joao Bosco Senra -- Ponencia : los recursos hídricos en el República Dominicana : situación actual. / Eliseo González. |
| 590 ## - NOTA LOCAL (RLIN) |
| Nota local |
Inventariado, 2023/BT |
| 650 #4 - PUNTO DE ACCESO ADICIONAL DE MATERIA--TÉRMINO DE MATERIA |
| Término de materia o nombre geográfico como elemento de entrada |
Recursos hidrológicos |
| Subdivisión general |
Congresos, conferencias, etc |
| 9 (RLIN) |
46463 |
| 650 #4 - PUNTO DE ACCESO ADICIONAL DE MATERIA--TÉRMINO DE MATERIA |
| Término de materia o nombre geográfico como elemento de entrada |
Conservacion del agua |
| 9 (RLIN) |
46464 |
| 650 #4 - PUNTO DE ACCESO ADICIONAL DE MATERIA--TÉRMINO DE MATERIA |
| Término de materia o nombre geográfico como elemento de entrada |
Recursos naturales |
| Subdivisión geográfica |
República Dominicana |
| Subdivisión general |
Congresos, conferencias, etc |
| 9 (RLIN) |
46465 |
| 942 ## - ELEMENTOS DE PUNTO DE ACCESO ADICIONAL (KOHA) |
| Fuente del sistema de clasificación o colocación |
Dewey Decimal Classification |
| Tipo de ítem Koha |
Libro |